| 000 -LEADER |
| fixed length control field |
01181nam a22003737a 4500 |
| 001 - CONTROL NUMBER |
| control field |
28723210 |
| 003 - CONTROL NUMBER IDENTIFIER |
| control field |
OSt |
| 005 - DATE AND TIME OF LATEST TRANSACTION |
| control field |
20210426115225.0 |
| 008 - FIXED-LENGTH DATA ELEMENTS--GENERAL INFORMATION |
| fixed length control field |
980429n1994 xx u001 0 eng u |
| 010 ## - LIBRARY OF CONGRESS CONTROL NUMBER |
| LC control number |
93031842 |
| 015 ## - NATIONAL BIBLIOGRAPHY NUMBER |
| National bibliography number |
C95-5871-8 |
| 020 ## - INTERNATIONAL STANDARD BOOK NUMBER |
| International Standard Book Number |
0688121411 |
| 025 ## - OVERSEAS ACQUISITION NUMBER |
| Overseas acquisition number |
000000083972 |
| 040 ## - CATALOGING SOURCE |
| Original cataloging agency |
DLC |
| Transcribing agency |
DLC |
| Modifying agency |
TJM |
| -- |
NLC |
| Language of cataloging |
eng |
| 041 ## - LANGUAGE CODE |
| Language code of text/sound track or separate title |
eng |
| 049 ## - LOCAL HOLDINGS (OCLC) |
| Holding library |
YYEA |
| 080 ## - UNIVERSAL DECIMAL CLASSIFICATION NUMBER |
| Universal Decimal Classification number |
811 |
| Item number |
P-65 |
| 096 ## - LOCALLY ASSIGNED NLM-TYPE CALL NUMBER (OCLC) |
| Classification number |
P 106 P655L 1994 |
| 100 1# - MAIN ENTRY--PERSONAL NAME |
| Personal name |
Pinker, Steven, |
| Dates associated with a name |
1954- |
| 245 14 - TITLE STATEMENT |
| Title |
The language instinct / How the Mind Creates Language |
| Statement of responsibility, etc. |
Steven Pinker. |
| Remainder of title |
/ by: William Morrow and Company Inc |
| 250 ## - EDITION STATEMENT |
| Edition statement |
1st edition |
| 260 ## - PUBLICATION, DISTRIBUTION, ETC. |
| Place of publication, distribution, etc. |
New York : |
| Name of publisher, distributor, etc. |
William Morrow and Company Inc |
| Date of publication, distribution, etc. |
c1994. |
| 300 ## - PHYSICAL DESCRIPTION |
| Extent |
494 p. |
| Other physical details |
ill. |
| Dimensions |
25 cm. |
| 365 ## - TRADE PRICE |
| Price amount |
23 usd |
| 504 ## - BIBLIOGRAPHY, ETC. NOTE |
| Bibliography, etc. note |
Includes bibliographical references (p. 447-472) and index. |
| 590 ## - LOCAL NOTE (RLIN) |
| Local note |
c.1 950927 Ritt 10/13/95 $23. |
| 650 #2 - SUBJECT ADDED ENTRY--TOPICAL TERM |
| Topical term or geographic name entry element |
Language |
| Form subdivision |
Popular Works. |
| 650 #0 - SUBJECT ADDED ENTRY--TOPICAL TERM |
| Topical term or geographic name entry element |
Linguistics |
| 9 (RLIN) |
445 |
| 650 #2 - SUBJECT ADDED ENTRY--TOPICAL TERM |
| Topical term or geographic name entry element |
Language Development |
| General subdivision |
popular works. |
| 650 #2 - SUBJECT ADDED ENTRY--TOPICAL TERM |
| Topical term or geographic name entry element |
Verbal Behavior |
| General subdivision |
popular works. |
| 653 ## - INDEX TERM--UNCONTROLLED |
| Uncontrolled term |
ლინგვისტიკა |
| 653 ## - INDEX TERM--UNCONTROLLED |
| Uncontrolled term |
ენის განვითარება |
| 942 ## - ADDED ENTRY ELEMENTS (KOHA) |
| Source of classification or shelving scheme |
|
| Koha item type |
Books |
| Edition |
1 |